Регионална библиотека "Любен Каравелов" - Русе

Вашият безкраен потенциал да забогатявате (Запис номер 326688)

MARC детайли
000 -Лидер
Контролно поле с фиксирана дължина nam a22 a 4500
003 - Код на организацията, давaща контролен номер
Контролно поле BLK
005 - Дата и час на последна редакция
Контролно поле 20230323030313.0
008 - Елементи от данни с фиксирана дължина
fixed length control field 181123b bu ||||| |||| 00| 0 bu d
020 ## - Международен стандартен номер на книга ISBN
Международен стандартен номер на книга ISBN 9789544747923
040 ## - Източник на каталожния запис
Идентификатор на билиотеката - собственик на записа BLK
041 ## - Код за език
Код за езика на текст/звукозапис или на отделно заглавие Български
Код за езика КДБФ Български
080 ## - УДК
Текстов определител УДК Икономическа психология. Икономическо поведение. Физиологични и психологични елементи. Интереси. Икономически дух
УДК код - определител по УДК 330.16
УДК - код + определител 330.16
080 ## - УДК
Текстов определител УДК Етика на бизнеса. Успех
УДК код - определител по УДК 174.4
УДК - код + определител 174.4
100 ## - Редна дума - Автор
R(LIN) 266744
Автор Мърфи, Джоузеф
Авторска отговорност първи автор
139 ## - Редно поле
Редна дума Мърфи, Джоузеф
Авторски знак Мъ - М 97
245 ## - Сведения за заглавието
Заглавие Вашият безкраен потенциал да забогатявате
Подзаглавни данни използвайте силата на вашето подсъзнание, за да постигнете успеха, който заслужавате
Редно поле (дума) Джоузеф Мърфи ; прев. от англ. Ирина Манушева
260 ## - Област на издателските данни
9 (RLIN) 209528
Място на издаване, разпространение и проч. София
Име на издателя, разпространителя и проч. Кибеа
Година на издаване 2017
Печатница ([София] : Инвестпрес)
300 ## - Физическа характеристика
Страници 200 с.
Размери/Мащаб 20 см
380 ## - Жанр
Жанр Обществени науки
490 ## - СЕРИИ (Колекции)
9 (RLIN) 201222
Име на серия Серия Познай себе си
500 ## - Общи забележки
Забележка Ориг. загл.: Your infinite power to be rich / Joseph Murphy<br/>За автора: с. 2
650 #0 - Допълнително описание по предмет – тема
9 (RLIN) 245306
Основно описание – тема или топоним Икономическо поведение
653 #7 - Ключова дума – ненормативна
9 (RLIN) 199070
Ключова дума успех
653 #7 - Ключова дума – ненормативна
9 (RLIN) 196545
Ключова дума сила
653 #7 - Ключова дума – ненормативна
9 (RLIN) 187463
Ключова дума икономика
700 ## - Други автори (авторска отговорност)
Лично име Манушева, Ирина Борисова
9 (RLIN) 368041
852 ## - Местоположение
Форматна сигнатура Цб 291851
852 ## - Местоположение
Фондова буква Заемна - подръчен фонд
Систематично-азбучна сигнатура 330.1/М 97 Д
999 ## - СИСТЕМНИ КОНТРОЛНИ НОМЕРА
Koha biblionumber 326688
Koha biblioitemnumber 326688
942 ## - АРТИКУЛИ
Вид на библиотечния материал Книги
Скрит в OPAC Не
Периодичен библиозапис Да
944 ## - СЪЗДАВАНЕ И РЕДАКЦИЯ на ЗАПИСА
Създаване/Редакция Създаване
Дата на регистрацията/редакция 2018-11-23
Служител, извършил регистрацията/редакцията Кристиан Велковски
Статус, дата на статуса 2018-11-23
944 ## - СЪЗДАВАНЕ И РЕДАКЦИЯ на ЗАПИСА
Създаване/Редакция Редакция
Дата на регистрацията/редакция 2021-11-03
Служител, извършил регистрацията/редакцията ГГГ
Наличности
Код за отписване Код за изгубен артикул Източник на класификационната схема Код за повреда Коз за рестрикции Код за отдаване Артикулен № Име на библиотеката - собственик Име на библиотеката, в която се намира в момента Статус (Текущо местоположение) Дата на вписване в системата Местоположение - отдел Цена в лева Систематично азбучна сигнатура Баркод Цена в евро Служебен тип на артикула
  Не е изгубен Universal Decimal Classification Не е повреден без рестрикции ползва се в читалня 683126 Регионална библиотека "Любен Каравелов" Русе Регионална библиотека "Любен Каравелов" Русе Хранилище 2018-11-28 Хранилище 15.00 Цб 291851 120000825908 7.67 Книги
  Не е изгубен Universal Decimal Classification Не е повреден без рестрикции заемане за дома 860181 Регионална библиотека "Любен Каравелов" Русе Регионална библиотека "Любен Каравелов" Русе Заемна - подръчен фонд 2021-11-04 Заемна - подръчен фонд 10.50 330.1/М 97 Д 120000861915 5.37 Книги
  Не е изгубен Universal Decimal Classification Не е повреден без рестрикции заемане за дома 860182 Регионална библиотека "Любен Каравелов" Русе Регионална библиотека "Любен Каравелов" Русе Заемна - подръчен фонд 2021-11-04 Заемна - подръчен фонд 10.50 330.1/М 97 Д 120000861916 5.37 Книги
Vip Innovations Ltd, Rousse, Bulgaria 2025